000 00933nam a22002777a 4500
999 _c312226
_d312226
001 25921
003 UA-OsUOA
005 20230504161217.0
007 ta
008 20040429b un ||||| |||| 00| 0 ukr d
020 _a966-8074-73-4
040 _aUA-OsUOA
_bukr
_cUA-OsUOA
_dUA-OsUOA
041 _aukr
044 _aUA
080 _a351/354(075.8)
090 _a351/354(075.8)
_bМ20
100 _aМалиновський В.Я.
245 _aДержавне управління
_bнавчальний посібник
260 _aКиїв
_bАтіка
_c2003
300 _a576 с.
520 _aПосібник подає у формі навчального матеріалу основні теоретичні засади науки державного управління.
650 7 _2UDC
942 _cBK
_2udc
955 _a0